Handbook of industrial drying /

Guardado en:
Otros Autores: Mujumdar, A. S., (Editor , ed.)
Formato: Libro
Idioma:English
Publicado: New York : Dekker, c1995.
Edición:2nd ed., rev. and expanded.
Materias:
Acceso en línea:Descripción
Etiquetas: Agregar Etiqueta
Sin Etiquetas, Sea el primero en etiquetar este registro!
LEADER 01102pam a22002775a 4500
001 EIQ.libpla003156
008 941129s1995####nyuao####bf###001#0#eng#d
005 20071226193819.0
245 0 0 |a Handbook of industrial drying /  |c [edited by] Arun S. Mujumdar. 
250 |a 2nd ed., rev. and expanded. 
260 |a New York :  |b Dekker,  |c c1995. 
300 |a 2 v. (xvii, 1423 p.) :  |b il., fotos ;  |c 26 cm. 
504 |a Incluye referencias bibliográficas e índice. 
020 |a 0824789962 (v. 1 : acid-free) 
020 |a 0824796446 (v. 2 : acid-free) 
700 1 |a Mujumdar, A. S.,  |e ed.  |4 edt 
082 0 0 |a 660/.28426  |2 20 
650 4 |a Secado  |x Aparatos. 
650 4 |a Aparatos de secado  |x Handbooks, manuales, etc. 
650 4 |a Drying  |x Apparatus. 
650 4 |a Drying apparatus  |x Handbooks, manuals, etc. 
010 |a  94045552  
040 |a DLC  |c DLC  |d AR-BbSID 
856 4 2 |3 Descripción  |u http://www.loc.gov/catdir/enhancements/fy0646/94045552-d.html 
859 |a AR-BbSID  |b BIB. PLAPIQUI  |h 660.284 26  |i H 191  |p 5382  |v Vol. 1  |3 Vol. 1 
859 |a AR-BbSID  |b BIB. PLAPIQUI  |h 660.284 26  |i H 191  |p 5383  |v Vol. 2  |3 Vol. 2